LEADER 04888nam 22006853u 450 001 9910463767203321 005 20210107185755.0 010 $a1-4529-4171-8 035 $a(CKB)2670000000568585 035 $a(EBL)1791428 035 $a(SSID)ssj0001266217 035 $a(PQKBManifestationID)11735736 035 $a(PQKBTitleCode)TC0001266217 035 $a(PQKBWorkID)11249330 035 $a(PQKB)10302719 035 $a(MiAaPQ)EBC1791428 035 $a(EXLCZ)992670000000568585 100 $a20140929d2014|||| uy| 0 101 0 $aeng 135 $aur|n|---||||| 181 $ctxt 182 $cc 183 $acr 200 10$aArchitecture since 1400 /$fKathleen James-Chakraborty 210 $aMinneapolis $cUniversity of Minnesota Press$d2014 215 $a1 online resource (xx, 513 pages) $cillustrations, black and white photographs 311 $a1-322-14684-5 311 $a0-8166-7397-7 320 $aIncludes bibliographical references and index. 327 $aCover; CONTENTS; ACKNOWLEDGMENTS; INTRODUCTION; 1 Ming and Qing China; 2 Tenochtitla?n and Cuzco; 3 Brunelleschi; 4 Medici Florence; 5 The Renaissance in Rome and the Veneto; 6 Resisting the Renaissance; 7 The Ottomans and the Safavids; 8 Early Modern South Asia; 9 Baroque Rome; 10 Spain and Portugal in the Americas; 11 Northern Baroque; 12 City and Country in Britain and Ireland; 13 Living on the North American Land; 14 Court and Dwelling in East and Southeast Asia; 15 Edo Japan; 16 Neoclassicism, the Gothic Revival, and the Civic Realm; 17 The Industrial Revolution 327 $a18 Paris in the Nineteenth Century19 The Domestic Ideal; 20 Empire Building; 21 Chicago from the Great Fire to the Great War; 22 Inventing the Avant-Garde; 23 Architecture for a Mass Audience; 24 Imposing Urban Order; 25 The Modern Movement in the Americas; 26 Africa: Villages and Cities; 27 Postcolonial Modernism and Beyond; 28 Postwar Japan; 29 From Postmodern to Neomodern: The United States and Europe; 30 Chinese Global Cities; ILLUSTRATION CREDITS; INDEX; A; B; C; D; E; F; G; H; I; J; K; L; M; N; O; P; Q; R; S; T; U; V; W; X; Y; Z 330 $a"The first global history of architecture to give equal attention to Western and non-Western structures and built landscapes, Architecture since 1400 is unprecedented in its range, approach, and insight. From Tenochtitlan's Great Pyramid in Mexico City and the Duomo in Florence to Levittown's suburban tract housing and the Bird's Nest Stadium in Beijing, its coverage includes the world's most celebrated structures and spaces along with many examples of more humble vernacular buildings. Lavishly illustrated with more than 300 photographs, plans, and interiors, this book presents key moments and innovations in architectural modernity around the globe. Deftly integrating architectural and social history, Kathleen James-Chakraborty pays particular attention to the motivations of client and architect in the design and construction of environments both sacred and secular: palaces and places of worship as well as such characteristically modern structures as the skyscraper, the department store, and the cinema. She also focuses on the role of patrons and addresses to an unparalleled degree the impact of women in commissioning, creating, and inhabiting the built environment, with Gertrude Jekyll, Lina Bo Bardi, and Zaha Hadid taking their place beside Brunelleschi, Sinan, and Le Corbusier. Making clear that visionary architecture has never been the exclusive domain of the West and recognizing the diversity of those responsible for commissioning, designing, and constructing buildings, Architecture since 1400 provides a sweeping, cross-cultural history of the built environment over six centuries."--$cProvided by publisher. 606 $aArchitecture -- History 606 $aARCHITECTURE / History / General 606 $aArchitecture and society -- History 606 $aART / History / General 606 $aDESIGN / History & Criticism 606 $aArchitecture$xHistory 606 $aArchitecture and society$xHistory 606 $aArt, Architecture & Applied Arts$2HILCC 606 $aArchitecture$2HILCC 608 $aElectronic books. 615 4$aArchitecture -- History. 615 4$aARCHITECTURE / History / General. 615 4$aArchitecture and society -- History. 615 4$aART / History / General. 615 4$aDESIGN / History & Criticism. 615 0$aArchitecture$xHistory 615 0$aArchitecture and society$xHistory 615 7$aArt, Architecture & Applied Arts 615 7$aArchitecture 676 $a720.9 700 $aJames-Chakraborty$b Kathleen$f1960-$01044833 801 0$bAU-PeEL 801 1$bAU-PeEL 801 2$bAU-PeEL 906 $aBOOK 912 $a9910463767203321 996 $aArchitecture since 1400$92470693 997 $aUNINA LEADER 02740nam 22007333u 450 001 9910778367603321 005 20230207225051.0 010 $a1-280-84398-5 010 $a9786610843985 010 $a0-19-153465-X 010 $a1-4356-2319-3 035 $a(CKB)1000000000482034 035 $a(EBL)737492 035 $a(OCoLC)427508502 035 $a(SSID)ssj0000085407 035 $a(PQKBManifestationID)11116139 035 $a(PQKBTitleCode)TC0000085407 035 $a(PQKBWorkID)10024766 035 $a(PQKB)11443041 035 $a(MiAaPQ)EBC737492 035 $a(MiAaPQ)EBC7038955 035 $a(Au-PeEL)EBL7038955 035 $a(EXLCZ)991000000000482034 100 $a20130418d2006|||| u|| | 101 0 $aeng 135 $aur|n|---||||| 181 $ctxt 182 $cc 183 $acr 200 14$aThe Architecture of the Imagination$b[electronic resource] $eNew Essays on Pretence, Possibility, and Fiction 210 $aOxford $cClarendon Press$d2006 215 $a1 online resource (290 p.) 300 $aDescription based upon print version of record. 311 $a0-19-927572-6 327 $aContents; Contributors; 1. Introduction; I. THE NATURE OF THE IMAGINATION; II. PRETENCE; III. IMAGINATIVE RESISTANCE; IV. IMAGINATION AND POSSIBILITY; Index 330 $aThis volume brings together specially written essays by leading researchers on the propositional imagination. This is the mental capacity we exploit when we imagine that Holmes has a bad habit or that there are zombies. It plays an essential role in philosophical theorizing, engaging with fiction, and indeed in everyday life. The Architecture of the Imagination capitalizes on recent attempts to give a cognitive account of this capacity, extending the theoretical picture and exploring the philosophical implications. 606 $aImagination (Philosophy) 606 $aImagination 606 $aPsychology 606 $aImagination (Philosophy) 606 $aPsychology$2HILCC 606 $aAesthetics$2HILCC 606 $aPhilosophy$2HILCC 606 $aSocial Sciences$2HILCC 606 $aPhilosophy & Religion$2HILCC 615 4$aImagination (Philosophy). 615 4$aImagination. 615 4$aPsychology. 615 0$aImagination (Philosophy) 615 7$aPsychology 615 7$aAesthetics 615 7$aPhilosophy 615 7$aSocial Sciences 615 7$aPhilosophy & Religion 676 $a128 700 $aNichols$b Shaun$01467889 702 $aNichols$b Shaun 801 0$bAU-PeEL 801 1$bAU-PeEL 801 2$bAU-PeEL 906 $aBOOK 912 $a9910778367603321 996 $aThe Architecture of the Imagination$93678763 997 $aUNINA